|
|
|
|
| LEADER |
00000cam a2200000 7i4500 |
| 001 |
0000030656 |
| 005 |
20110505.0 |
| 008 |
110217 |
| 020 |
|
|
|a 9676118184
|
| 090 |
0 |
0 |
|a 428.2
|b BAH
|
| 245 |
1 |
0 |
|a Bahasa Inggeris
|
| 260 |
|
|
|a Kuala Lumpur :
|b Utusan Publications ,
|c 2006
|
| 440 |
|
|
|a PMR (KBSM) koleksi soalan peperiksaan sebenar 2002-2005
|
| 500 |
|
|
|a Jawapan disediakan oleh D. Anne Jayaselvi
|
| 500 |
|
|
|a Mengandungi soalan dan jawapan
|
| 650 |
|
0 |
|a English language
|x grammar
|x examinations, questions, etc.
|
| 650 |
|
0 |
|a English language
|x study and teaching (secondary)
|z Malaysia
|
| 999 |
|
|
|a 0001028901
|b Book
|c Teenagers
|e Perbadanan Perpustakaan Awam Johor
|
| 999 |
|
|
|a 0001028902
|b Book
|c Teenagers
|e Perbadanan Perpustakaan Awam Johor
|
| 999 |
|
|
|a 0001028903
|b Book
|c Teenagers
|e Perbadanan Perpustakaan Awam Johor
|
| 999 |
|
|
|a 0001028904
|b Book
|c Teenagers
|e Perbadanan Perpustakaan Awam Johor
|
| 999 |
|
|
|a 0001028905
|b Book
|c Teenagers
|e Perbadanan Perpustakaan Awam Johor
|